000 00855nam a2200241Ia 4500
001 9953
003 GE_BSU
008 181216s||||||||xx |||||||||||||| ||und||
040 _cGE_BSU
100 _aმაჭარაშვილი,გიორგი
245 _aიმ მაწიმის წყლიდან ამ აჭარისწყლამდე
245 _bლექსები
245 _cრედ:ზ.ფირცხალაიშვილი;მხატვ:რ.ლომაძე
260 _aბათუმი.
260 _bაჭარა
260 _c1991
300 _a88გვ;16სმ.
300 _b1ფ.პორტრ.
541 _h3ლ.
653 _aიმ მაწიმის წყლიდან ამ აჭარისწყლამდე
653 _aლექსები
942 _cBK
999 _c43226
_d43226